| 000 | 00504nam a2200169Ia 4500 | ||
|---|---|---|---|
| 005 | 20250424120304.0 | ||
| 008 | 250424s9999 xx 000 0 und d | ||
| 022 | _a11168228 | ||
| 050 | _aHF 5630 .J68/ | ||
| 245 | 0 | _aJournal ofLeadership, Accounting Development and Investigation Research (JLADIR) | |
| 260 | _aKogi State, Nigeria | ||
| 260 | _bKogi State University | ||
| 260 | _c2020 | ||
| 300 | _av, 239 p. :ill. ; 28 cm. | ||
| 650 | _aAccounting--Study and teaching--Malaysia. | ||
| 942 | _cSR | ||
| 999 |
_c38462 _d38462 |
||